00321nam a2200109Ia 4500008004100000082001100041082000800052245009600060245002300156260002300179300000900202231017s9999 xx 000 0 und d a657.02 bDAV 0aImproving road safety by reducing impaired driving in developing countries: a scoping study 0cGlobal road safety bGlobal road safety c30cm